| 000 | 01154nam a2200313 i 4500 | ||
|---|---|---|---|
| 001 | 67567 | ||
| 003 | ES-MaACL | ||
| 005 | 20250828063244.0 | ||
| 007 | t| | ||
| 008 | 040604s2003 sp |||| | spa d | ||
| 020 | _a84-930676-9-5 Fundación Gustavo Bueno | ||
| 020 | _a84-7848-513-9 Pentalfa Ediciones | ||
| 080 | _a23 Molina, Luis de | ||
| 080 | _a231.52 | ||
| 080 | _a234.9 | ||
| 100 | 0 |
_aBáñez, Domingo, _d1528-1604 _925230 |
|
| 245 | 1 | 0 |
_aApología de los hermanos dominicos contra la "Concordia" de Luis de Molina / _cDomingo Báñez ; traducción, introducción y apéndice por Juan Antonio Hevia Echevarría. |
| 260 |
_aOviedo : _bFundación Gustavo Bueno : _bPentalfa, _c[2003] |
||
| 300 |
_a347 p. ; _c23 cm. |
||
| 490 | 1 | _aFilosofía en español | |
| 600 | 0 | 4 |
_aMolina, Luis de, _d1535-1600- _xCrítica e interpretación _981896 |
| 650 | 1 | 4 |
_aProvidencia divina. _916525 |
| 650 | 4 |
_aPredestinación. _916341 |
|
| 700 | 1 |
_aHevia Echevarría, Juan Antonio. _963506 |
|
| 710 | 2 |
_aFundación Gustavo Bueno. _94316 |
|
| 830 | 0 |
_aFilosofía en español _9183189 |
|
| 852 |
_aES-MaACL _jL-27788 |
||
| 999 |
_c67567 _d67567 |
||